Řízení ekonomiky v socialistických zemích měsíční výběr z čs. a zahraničního tisku a literatury

Gespeichert in:
Bibliographische Detailangaben
Format: Schriftenreihe
Sprache:Tschechisch
Veröffentlicht: Praha Československá tisková kancelář
Tags: Tag hinzufügen
Keine Tags, Fügen Sie das erste Tag hinzu!

MARC

LEADER 00000nas1a22000001 4500
001 0019384
005 20250730114821.9
022 |a 0035-7146 
041 0 |a cze 
044 |a CZ 
245 1 0 |a Řízení ekonomiky v socialistických zemích  |b měsíční výběr z čs. a zahraničního tisku a literatury 
264 1 |a Praha  |b Československá tisková kancelář